000 00545nam a22001697a 4500
005 20251108172849.0
008 250721s2000 xx 000 0 ara d
082 1 4 _a616.31/موم
100 1 _aالمومني، نذير طلال
245 1 0 _aالكافي في فهم علم أمراض الفم /
264 1 _aاربد :
_bمؤسسة حمادة للدراسات الجامعية و النشر و التوزيع،
_c2000.
300 _a408 ص
650 1 7 _aالطب
650 1 7 _aأمراض الفم
942 _2ddc
_cBK
999 _c90365
_d90365